| 000 | 01078nam a2200253 a 4500 | ||
|---|---|---|---|
| 001 | BRCA_3093 | ||
| 005 | 20190320204116.0 | ||
| 008 | 280109s1998----gw-a---###---#000-0#ger-# | ||
| 041 | _aspager | ||
| 044 | _agw | ||
| 050 | 4 |
_aTR820 _b.F68 1998 |
|
| 245 | 1 | 0 |
_aLa fotografía en la República de Weimar = Fotografie in der Weimarer Republik. _cselección y texto Herbert Molderings ; traducción Antonio de Zubiaurre. |
| 260 |
_a[Alemania] _bInstituto de Relaciones Culturales Exteriores (Institut für Auslandsbeziehungen) _c[1998] |
||
| 300 |
_a1 v. (en varias paginaciones) _bil. _c30 cm. |
||
| 500 | _aCatálogo de la exposición realizada en el Museo Franz Mayer (Ciudad de México), 20 mayo, 1998 | ||
| 500 | _a2do. ejemplar en el Área de Investigación | ||
| 546 | _aTexto en: español e inglés | ||
| 650 | 1 | 4 |
_aPeriodismo fotográfico _xHistoria _zAlemania _95818 |
| 651 | 4 |
_aAlemania _xHistoria _y1918-1933 _98435 |
|
| 700 | 1 |
_aMolderings, Herbert _98436 |
|
| 700 | 1 |
_aZubiaurre, Antonio de _95820 |
|
| 740 | 0 | _aFotografie in der Weimarer Republik | |
| 942 |
_2lcc _cB |
||
| 999 |
_c2829 _d2829 |
||